[Event "Brandenburg Seniors op 16th"]
[Site "Rowy"]
[Date "2007.06.18"]
[Round "1"]
[White "Niezgoda, Boleslaw"]
[Black "Matthies, Wolfgang"]
[Result "1-0"]
[WhiteElo "1895"]
[BlackElo "1883"]
[PlyCount "67"]
[EventDate "2007.06.18"]
[EventType "swiss"]
[EventRounds "9"]
[EventCountry "POL"]
[SourceTitle "EXT 2011"]
[Source "ChessBase"]
[SourceDate "2010.11.26"]
[SourceVersion "1"]
[SourceVersionDate "2010.11.26"]
[SourceQuality "1"]

1. d4 Nf6 2. c4 g6 3. Nc3 Bg7 4. e4 d6 5. Bd3 0-0 6. Nge2 Nbd7 7. 0-0 e5 8. Bg5 exd4 9. Nxd4 Nc5 10. Bc2 Ne6 11. Nxe6 Bxe6 12. Qe2 h6 13. Bh4 g5 14. Bg3 Ng4 15. f4 Bd4+ 16. Kh1 Ne3 17. Nd5 Nxf1 18. Rxf1 Bxd5 19. exd5 Bg7 20. fxg5 Qxg5 21. Bf4 Rfe8 22. Qf3 Qf6 23. Qg4 h5 24. Qg3 Kh8 25. Qf3 Bh6 26. Qd3 Qg7 27. Bg3 Re3 28. Qf5 h4 29. Bxh4 Kg8 30. Bf6 Qg6 31. Qf2 Qh5 32. Be4 Qe2 33. Qf5 Bf8 34. Qh7# 1-0

[Event "Brandenburg Seniors op 15th"]
[Site "Rowy"]
[Date "2006.06.24"]
[Round "5"]
[White "Matthies, Wolfgang"]
[Black "Heinrich, Klaus1"]
[Result "1-0"]
[WhiteElo "1662"]
[BlackElo "1596"]
[PlyCount "85"]
[EventDate "2006.06.19"]
[EventType "swiss"]
[EventRounds "9"]
[EventCountry "POL"]
[SourceTitle "EXT 2007"]
[Source "ChessBase"]
[SourceDate "2006.11.23"]
[SourceVersion "1"]
[SourceVersionDate "2006.11.23"]
[SourceQuality "1"]

1. c4 e5 2. Nc3 f5 3. e3 Nf6 4. Bd3 g6 5. Nge2 b6 6. 0-0 Bb7 7. a3 Bg7 8. e4 fxe4 9. Bb1 0-0 10. Ng3 Kh8 11. Ncxe4 Nxe4 12. Bxe4 Bxe4 13. Nxe4 d5 14. cxd5 Qxd5 15. Qc2 c5 16. d3 Nc6 17. Be3 Rad8 18. Rad1 a5 19. h3 h6 20. Nc3 Qe6 21. f3 Rd7 22. Qf2 Ne7 23. Qc2 Nf5 24. Bf2 Rfd8 25. g4 Ne7 26. Qe2 g5 27. Ne4 Qb3 28. h4 gxh4 29. Bxh4 Rf8 30. Bf2 Ng6 31. Bxc5 bxc5 32. Nxc5 Qd5 33. Nxd7 Qxd7 34. Qe4 Nf4 35. Rd2 Qa7+ 36. Kh2 Qe7 37. Kh1 Rd8 38. Rff2 Qh4+ 39. Rh2 Qg3 40. Qe3 Rc8 41. Rd1 Kg8 42. Rg1 Nd5 43. Qe4 1-0

[Event "Rowy Jantar op"]
[Site "Rowy"]
[Date "2005.06.22"]
[Round "3"]
[White "Matthies, Wolfgang"]
[Black "Groeling, Juergen"]
[Result "0-1"]
[WhiteElo "1695"]
[BlackElo "1918"]
[PlyCount "62"]
[EventDate "2005.06.20"]
[EventType "swiss"]
[EventRounds "9"]
[EventCountry "POL"]
[SourceTitle "EXT 2007"]
[Source "ChessBase"]
[SourceDate "2006.11.23"]
[SourceVersion "1"]
[SourceVersionDate "2006.11.23"]
[SourceQuality "1"]

1. c4 b6 2. e4 e6 3. Nc3 Bb7 4. a3 c5 5. Nf3 Nc6 6. d4 cxd4 7. Nxd4 Nxd4 8. Qxd4 Qf6 9. Qxf6 gxf6 10. Be3 0-0-0 11. Be2 Bc5 12. Bd2 Ne7 13. Rd1 Rhg8 14. b4 Bd6 15. 0-0 Be5 16. Bd3 f5 17. f3 f4 18. Ne2 Ng6 19. Be1 d6 20. Kh1 Rg7 21. Bc2 f6 22. Nd4 Bxd4 23. Rxd4 Ne5 24. Bh4 Rdg8 25. Rf2 Nxf3 26. Rxd6 Nxh4 27. Rxe6 Nxg2 28. Rxg2 Rxg2 29. Re8+ Rxe8 30. Kxg2 Bxe4+ 31. Bxe4 Rxe4 0-1

[Event "Rowy Jantar op"]
[Site "Rowy"]
[Date "2005.06.20"]
[Round "1"]
[White "Hoppensack, Manfred"]
[Black "Matthies, Wolfgang"]
[Result "1-0"]
[WhiteElo "2130"]
[BlackElo "1695"]
[PlyCount "61"]
[EventDate "2005.06.20"]
[EventType "swiss"]
[EventRounds "9"]
[EventCountry "POL"]
[SourceTitle "EXT 2007"]
[Source "ChessBase"]
[SourceDate "2006.11.23"]
[SourceVersion "1"]
[SourceVersionDate "2006.11.23"]
[SourceQuality "1"]

1. e4 c5 2. Nf3 Nc6 3. d4 cxd4 4. Nxd4 d6 5. Be2 Nf6 6. Nc3 e6 7. Bg5 Be7 8. Qd2 a6 9. 0-0-0 d5 10. exd5 Nxd5 11. Bxe7 Ndxe7 12. Ne4 Qb6 13. Qg5 0-0 14. h4 Bd7 15. c4 f6 16. Qd2 Rac8 17. Kb1 Nb4 18. c5 Qa5 19. a3 Nbc6 20. Nxc6 Nxc6 21. Qxd7 e5 22. Nd6 Rc7 23. Bc4+ Kh8 24. Nf7+ Kg8 25. Nh6+ Kh8 26. Nf7+ Kg8 27. Nxe5+ Kh8 28. Nf7+ Kg8 29. Nd8+ Kh8 30. Qd6 Rxd8 31. Qxd8+ 1-0

[Event "Brandenburg Seniors op 13th"]
[Site "Rowy"]
[Date "2004.06.27"]
[Round "6"]
[White "Fietzek, Georg"]
[Black "Matthies, Wolfgang"]
[Result "1-0"]
[WhiteElo "1825"]
[BlackElo "1617"]
[PlyCount "27"]
[EventDate "2004.06.21"]
[EventType "swiss"]
[EventRounds "9"]
[EventCountry "POL"]
[SourceTitle "EXT 2006"]
[Source "ChessBase"]
[SourceDate "2005.11.24"]
[SourceVersion "1"]
[SourceVersionDate "2005.11.24"]
[SourceQuality "1"]

1. e4 c5 2. Nf3 Nc6 3. d4 cxd4 4. Nxd4 Nf6 5. Nc3 e6 6. Be3 Bb4 7. f3 Nxe4 8. fxe4 Qh4+ 9. Bf2 Qxe4+ 10. Qe2 Qxe2+ 11. Bxe2 0-0 12. 0-0-0 e5 13. Ndb5 Ba5 14. Na3 1-0

[Event "Brandenburg Seniors op 13th"]
[Site "Rowy"]
[Date "2004.06.26"]
[Round "5"]
[White "Matthies, Wolfgang"]
[Black "Trautmann, Klaus"]
[Result "0-1"]
[WhiteElo "1617"]
[BlackElo "1934"]
[PlyCount "92"]
[EventDate "2004.06.21"]
[EventType "swiss"]
[EventRounds "9"]
[EventCountry "POL"]
[SourceTitle "EXT 2006"]
[Source "ChessBase"]
[SourceDate "2005.11.24"]
[SourceVersion "1"]
[SourceVersionDate "2005.11.24"]
[SourceQuality "1"]

1. c4 e5 2. Nc3 Nf6 3. d3 d6 4. g3 c6 5. Bg2 Be7 6. e3 0-0 7. Nge2 Be6 8. 0-0 Qd7 9. Qc2 Na6 10. a3 d5 11. b3 Bh3 12. b4 Bxg2 13. Kxg2 dxc4 14. dxc4 Qe6 15. Ne4 Nxe4 16. Qxe4 f5 17. Qc2 Rad8 18. Bb2 Rd7 19. Rad1 Rfd8 20. Rxd7 Rxd7 21. Rd1 Bf6 22. Rxd7 Qxd7 23. f4 Qe6 24. Bxe5 Bxe5 25. fxe5 Qxe5 26. Qd3 h6 27. Qd4 Qxd4 28. exd4 Kf7 29. Kf3 Nc7 30. h4 g6 31. g4 fxg4+ 32. Kxg4 Kf6 33. Kf4 Ne8 34. a4 Nd6 35. c5 Nf5 36. Ke4 Nxh4 37. d5 cxd5+ 38. Kxd5 Nf5 39. b5 h5 40. a5 h4 41. c6 bxc6+ 42. Kxc6 h3 43. Nf4 h2 44. b6 h1Q+ 45. Nd5+ Ke5 46. bxa7 Qxd5+ 0-1

[Event "Brandenburg-ch Seniors 09th"]
[Site "Rowy"]
[Date "2001.06.20"]
[Round "3"]
[White "Matthies, Wolfgang"]
[Black "Augustat, Siegfried"]
[Result "0-1"]
[WhiteElo "1677"]
[BlackElo "1842"]
[PlyCount "62"]
[EventDate "2001.06.??"]
[EventType "swiss"]
[EventRounds "7"]
[EventCountry "POL"]
[SourceTitle "EXT 2006"]
[Source "ChessBase"]
[SourceDate "2005.11.24"]
[SourceVersion "1"]
[SourceVersionDate "2005.11.24"]
[SourceQuality "1"]

1. c4 g6 2. Nc3 Bg7 3. d4 d6 4. Nf3 Nd7 5. e3 Ngf6 6. Bd3 0-0 7. 0-0 Re8 8. e4 e5 9. d5 Nf8 10. h3 h6 11. Be3 Kh7 12. Qd2 Ng8 13. g4 Qf6 14. Kg2 g5 15. Ne2 Ng6 16. Nfg1 Nf4+ 17. Kg3 Ne7 18. f3 Neg6 19. Rf2 Bd7 20. Raf1 b6 21. Bb1 a5 22. Kh2 Rh8 23. Ng3 Qd8 24. N1e2 f6 25. Nf5 Nxe2 26. Nxg7 Nef4 27. Nh5 Nxh5 28. gxh5 Nf4 29. Bxf4 gxf4 30. Rh1 Qe8 31. Bd3 Qxh5 0-1